[Event "RUS-ch"]
[Site "Elista"]
[Date "1996.??.??"]
[Round "2"]
[White "Loginov, Valery A"]
[Black "Dreev, Alexey"]
[Result "1-0"]
[WhiteElo "2525"]
[BlackElo "2645"]

1.Nf3 d5 2.g3 c6 3.Bg2 Bf5 4.O-O e6 5.d3 Nf6 6.c4 Be7 7.Be3 dxc4 8.dxc4 Nbd7
9.Nc3 O-O 10.Nh4 Bg4 11.h3 Bh5 12.g4 Ne8 13.gxh5 Bxh4 14.h6 g6 15.Qd2 Ne5
16.Qxd8 Bxd8 17.Bc5 Nxc4 18.Bxf8 Kxf8 19.b3 Ncd6 20.Rad1 Bg5 21.Rd3 Ke7 22.Rfd1 f5
23.e4 e5 24.b4 Bxh6 25.b5 Rc8 26.bxc6 bxc6 27.h4 Rc7 28.h5 Nf7 29.hxg6 hxg6
30.Na4 Ned6 31.Nc5 Bf8 32.Rb3 Nb5 33.Rg3 g5 34.exf5 Nd4 35.Ne6 Ne2+ 36.Kh2 Nxg3
37.Nxc7 Nxf5 38.Bxc6 Nd4 39.Bg2 Nd6 40.Kh3 Kd7 41.Nd5 Nc4 42.Ne3 Nb2 43.Rd2 Na4
44.Nc2 Bc5 45.Nxd4 Bxd4 46.Kg4 Kd6 47.Kxg5 Kc5 48.Kf5 Nc3 49.Bb7 Nb5 50.Rc2+ Kb4
51.Ke6 Nc3 52.f3 a5 53.Bd5 a4 54.Kd6 Ka3 55.Bf7 Kb4 56.Kc6 Ka3 57.Rd2 Kb4
58.f4 Be3 59.Rb2+ Ka3 60.Rc2 Bd4 61.Rd2 Ne4 62.Re2 Nc3 63.Rxe5 Nxa2 64.Re4 Nb4+
65.Kb5 Nc2 66.Re2  1-0

[Event "RUS-ch"]
[Site "Elista"]
[Date "1996.??.??"]
[Round "5"]
[White "Sveshnikov, Evgeny"]
[Black "Aseev, Konstantin N"]
[Result "1-0"]
[WhiteElo "2535"]
[BlackElo "2560"]

1.g3 d5 2.Nf3 c6 3.Bg2 Bg4 4.c4 e6 5.Qb3 Qb6 6.Nc3 Nd7 7.d4 Ngf6 8.c5 Qa6
9.O-O b6 10.cxb6 axb6 11.e4 Nxe4 12.Nxe4 dxe4 13.Ng5 Nf6 14.Nxe4 Nd5 15.Bf4 Be7
16.Nd6+ Kf8 17.Nc4 g5 18.Bd2 Be2 19.Rfc1 Qa4 20.Qxa4 Rxa4 21.b3 Ra6 22.Ne5 Kg7
23.Rxc6 Rd8 24.a4 Bf6 25.Re1 Bh5 26.Nc4 Ne7 27.Rxb6 Ra7 28.Be3 Nf5 29.Ne5 Nxe3
30.fxe3 Bxe5 31.dxe5 Rd2 32.Bc6 Ra5  1-0

[Event "RUS-ch (Women)"]
[Site "Elista"]
[Date "1996.??.??"]
[Round "5"]
[White "Struchkova, Svetlana"]
[Black "Roschina, Tatiana"]
[Result "0-1"]
[WhiteElo "2230"]
[BlackElo "2315"]

1.Nf3 d5 2.g3 Bf5 3.Bg2 e6 4.O-O Nf6 5.d3 h6 6.Nbd2 Bh7 7.c4 c6 8.b3 Bc5
9.Bb2 O-O 10.Qc2 Nbd7 11.a3 a5 12.Bc3 Qe7 13.Qb2 Bd6 14.Ne5 Nxe5 15.Bxe5 Bxe5
16.Qxe5 Nd7 17.Qc7 Rfc8 18.Qf4 e5 19.Qf3 d4 20.e4 dxe3 21.Qxe3 Re8 22.d4 exd4
23.Qxd4 Rad8 24.Qc3 Qe5 25.Rfc1 Nc5 26.Nf3 Rd1+  0-1

[Event "RUS-ch"]
[Site "Elista"]
[Date "1996.??.??"]
[Round "5"]
[White "Pigusov, Evgeny"]
[Black "Ibragimov, Ildar"]
[Result "1/2-1/2"]
[WhiteElo "2570"]
[BlackElo "2545"]

1.Nf3 d5 2.g3 Bg4 3.Bg2 Nd7 4.c4 e6 5.Qb3 Nc5 6.Qc2 c6 7.d3 Nf6 8.O-O Be7
9.Be3 Ncd7 10.Qb3 Qc7 11.cxd5 Nxd5 12.Bd2 e5 13.e4 N5b6 14.Be3 O-O 15.Nbd2 Bc5
16.Bxc5 Nxc5 17.Qc3 Nbd7 18.b4 Ne6 19.h3 Bxf3 20.Nxf3 a5 21.a3 axb4 22.axb4 Qd6
23.h4 Nc7 24.d4 Nb5 25.dxe5 Qc7 26.Qb2 Rae8 27.Rfd1 Nxe5 28.Nxe5 Rxe5 29.Rd3 Ree8
30.Rad1 Rd8 31.Bh3 Qe7 32.e5 Rxd3 33.Rxd3 Rd8 34.Rxd8+  1/2-1/2

[Event "RUS-ch"]
[Site "Elista"]
[Date "1996.??.??"]
[Round "6"]
[White "Loginov, Valery A"]
[Black "Shabanov, Yuri"]
[Result "1/2-1/2"]
[WhiteElo "2525"]
[BlackElo "2405"]

1.Nf3 d5 2.g3 c6 3.Bg2 Bg4 4.c4 e6 5.cxd5 Bxf3 6.Bxf3 cxd5 7.Nc3 Nc6 8.d3 Nf6
9.O-O Be7 10.e4 d4 11.Ne2 Qb6 12.Bg2 O-O 13.h3 Rac8 14.a3 a5 15.f4 Nd7 16.f5 e5
17.Rb1 Na7 18.Bd2 Rc6 19.g4 Qd8 20.Kh1 Nc5 21.Rf3 a4 22.Nc1 Bg5 23.Be1 b5
24.Na2 Na6 25.b3 axb3 26.Qxb3 Qc7 27.h4 Be3 28.g5 Nc5 29.Qd1 Na4 30.Qb3 Nc5
31.Qd1 Na4 32.Qb3  1/2-1/2

[Event "RUS-ch"]
[Site "Elista"]
[Date "1996.??.??"]
[Round "10"]
[White "Loginov, Valery A"]
[Black "Shovunov, Baatr"]
[Result "1/2-1/2"]
[WhiteElo "2525"]
[BlackElo "2320"]

1.Nf3 d5 2.g3 Nf6 3.Bg2 Nbd7 4.c4 c6 5.cxd5 cxd5 6.Nc3 e6 7.O-O a6 8.d3 b5
9.e4 dxe4 10.dxe4 Bb7 11.e5 Nd5 12.Ne4 h6 13.Re1 Qb6 14.Be3 Nxe3 15.Rxe3 Rd8
16.Qc2 Be7 17.Rd1 O-O 18.Red3 Bd5 19.Rxd5 exd5 20.Nc3 Qe6 21.Nxd5 Bc5 22.b3 Nb6
23.Nf4 Rxd1+ 24.Qxd1 Qe7 25.e6 fxe6 26.Bh3 Rxf4 27.gxf4 Nd5 28.Qc1 Qc7 29.Bxe6+ Kh8
30.Qe1 Nxf4 31.Bf5 g6 32.Qe8+ Kg7 33.Be4 Ba7 34.h4 Qc5  1/2-1/2

[Event "RUS-ch"]
[Site "Elista"]
[Date "1996.??.??"]
[Round "11"]
[White "Pigusov, Evgeny"]
[Black "Yakovich, Yuri"]
[Result "1/2-1/2"]
[WhiteElo "2570"]
[BlackElo "2530"]

1.Nf3 d5 2.g3 c6 3.Bg2 Bg4 4.b3 e6 5.Bb2 Nd7 6.O-O Ngf6 7.c4 Be7 8.d4 O-O
9.Nbd2 Qb8 10.e3 a5 11.a3 b5 12.cxb5 cxb5 13.Qe2 Rc8 14.Rfc1  1/2-1/2

[Event "BCF-chT 96/97"]
[Site "England"]
[Date "1996.??.??"]
[Round "1"]
[White "Abayasekera, Roger"]
[Black "Vigus, James"]
[Result "1/2-1/2"]
[WhiteElo "2255"]
[BlackElo "2245"]

1.Nf3 d5 2.g3 Nc6 3.d4 Bf5 4.Bg2 Nb4 5.Na3 e6 6.c3 Na6 7.O-O Nf6 8.Qb3 Qc8
9.Bf4 c6 10.Nc2 Be7 11.Nb4 Nc7 12.Nd3 O-O 13.c4 Ne4 14.Rfd1 dxc4 15.Qxc4 Nd5
16.Nd2 Nxf4 17.Nxf4 Nxd2 18.Rxd2 Bg5 19.e3 Bxf4 20.gxf4 Qd8 21.b4 Qh4 22.Rb2 Bh3
23.Qf1 Bxg2 24.Qxg2 Qh5 25.Kh1 Rfd8 26.Rg1 g6 27.Qg5 Qf3+ 28.Qg2 Qd5 29.Qxd5 Rxd5
30.Rc1 Kf8 31.Rc5 Ke7 32.Kg2 Kd7 33.Kf3 b6 34.Rxd5+ cxd5 35.Rc2 Rc8 36.Rxc8 Kxc8
37.b5 Kd7 38.Kg4 h6 39.f3 Ke7 40.h4 Kd6 41.a3 Ke7  1/2-1/2

[Event "BCF-chT 96/97"]
[Site "England"]
[Date "1996.??.??"]
[Round "2"]
[White "Sheehan, Antony"]
[Black "Houska, Jovanka"]
[Result "1/2-1/2"]
[WhiteElo "2100"]
[BlackElo "2115"]

1.Nf3 d5 2.g3 Nf6 3.Bg2 Bf5 4.O-O e6 5.d4 Bd6 6.c4 c6 7.Nc3 Nbd7 8.Re1 Be4
9.Nxe4 Nxe4 10.cxd5 cxd5 11.Nd2 Nxd2 12.Bxd2 O-O 13.e4 Nb6 14.Ba5 dxe4 15.Bxe4 Rb8
16.Qd3 h6 17.Qf3 Qd7 18.Bc3 Be7 19.Rad1 Rfd8 20.h4 Nd5 21.Kg2 Nf6 22.Bc2 Qd5
23.Bb3 Qxf3+ 24.Kxf3 Rd7 25.Re2 Rbd8 26.Rde1 b5 27.a3 Rb8 28.Rd1 b4 29.axb4 Bxb4
30.Ba2 a5 31.Re5 a4 32.Re2 Nd5 33.Bxd5 Rxd5 34.Ke4 f5+ 35.Ke3 e5 36.Bxb4 Rxb4
37.Red2 Rb3+ 38.Ke2 exd4 39.Rxd4 Rxb2+ 40.Ke3 Rxd4 41.Rxd4 a3 42.Ra4 a2 43.Ra7 Kf8
44.f3 Ke8 45.Kf4 g6 46.Ke5 Rf2 47.Kf6 Rxf3 48.Kxg6 Rxg3+ 49.Kxf5 Rg2 50.Kf4 Kd8
51.Kf3 Rb2 52.Kg4 Kc8 53.Kh5 Rh2 54.Kg6 Kb8 55.Ra3 Kb7 56.h5 Kb6 57.Kxh6 Kb5
58.Kg7 Kb4 59.Ra8 Kb3 60.h6 Rg2+ 61.Kf8 Rc2 62.Rxa2 Rc8+ 63.Kg7 Rc7+ 64.Kg8  1/2-1/2

[Event "BCF-chT 96/97"]
[Site "England"]
[Date "1996.??.??"]
[Round "3"]
[White "Haydon, Richard"]
[Black "McMichael, Richard"]
[Result "1-0"]
[WhiteElo "2220"]
[BlackElo "2200"]

1.g3 d5 2.Nf3 c6 3.Bg2 Bg4 4.O-O Nd7 5.d4 e6 6.b3 Ngf6 7.Bb2 Be7 8.c4 Ne4
9.Nc3 f5 10.Qc2 O-O 11.e3 Bxf3 12.Bxf3 Rf6 13.Bg2 Rh6 14.Nxe4 fxe4 15.f3 Nf6
16.Rae1 Qe8 17.fxe4 Qg6 18.Re2 dxe4 19.Rf4 Bd6 20.Bxe4 Nxe4 21.Qxe4 Bxf4
22.exf4 Qxe4 23.Rxe4 Kf7 24.Kg2 Rh5 25.Bc3 b5 26.g4 Rh6 27.Re5 Rb8 28.Rc5 Rg6
29.g5 Rb7 30.h4 h5 31.Kf3 a6 32.Ke4 Rc7 33.cxb5 axb5 34.a4 bxa4 35.bxa4 Ke7
36.Bb4 Kd7 37.Rc4 Ra7 38.Bc5 Ra6 39.Rb4 Kc7 40.a5 Ra8 41.Ra4 Ra6 42.Ke5 Kd7
43.Bb6 Ke7 44.Bc7 Kd7 45.Bd6 Kc8 46.Ke4 e5 47.dxe5 Re6 48.f5 Re8 49.f6 Ra7
50.Kf5 Rg8 51.e6 g6+ 52.Ke5  1-0

[Event "Ermoupoli"]
[Site "Ermoupoli"]
[Date "1996.??.??"]
[Round "3"]
[White "Karayannis, Athanasios"]
[Black "Festas, Georgios"]
[Result "1-0"]
[WhiteElo "2365"]
[BlackElo "2155"]

1.Nf3 d5 2.g3 c6 3.Bg2 Nf6 4.O-O Bf5 5.d3 e6 6.Nbd2 h6 7.Qe1 Be7 8.e4 Bh7
9.e5 Nfd7 10.Qe2 O-O 11.Re1 c5 12.Nf1 Nc6 13.h4 Rc8 14.N1h2 b5 15.Bf4 c4
16.d4 Qb6 17.Qd2 Rfe8 18.h5 b4 19.Ng4 c3 20.bxc3 bxc3 21.Qe3 Bf8 22.Rab1 Qd8
23.Qe2 Rb8 24.Rb3 Rxb3 25.axb3 Qe7 26.Ra1 Nb4 27.Rxa7 Bxc2 28.Bxh6 Bf5 29.Bg5 c2
30.Rc7 f6 31.exf6 Qd6 32.f7+ Kxf7 33.Rxd7+ Qxd7 34.Nfe5+ Kg8 35.Nxd7 Be7
36.Bd2 Nd3 37.Ne3  1-0

[Event "Eupen op"]
[Site "Eupen"]
[Date "1996.??.??"]
[Round "?"]
[White "Vaganian, Rafael A"]
[Black "Harzheim, Lothar"]
[Result "1-0"]
[WhiteElo "2615"]
[BlackElo "1875"]

1.Nf3 d5 2.g3 Bf5 3.Bg2 Nc6 4.O-O Nf6 5.c4 e6 6.cxd5 exd5 7.d3 Be7 8.Qb3 Rb8
9.Bf4 Nh5 10.Bd2 O-O 11.Nc3 Be6 12.Nb5 Bf6 13.Qa4 Qd7 14.Nc3 Rfe8 15.Ng5 g6
16.Nxe6 fxe6 17.Bh6 Re7 18.e4 d4 19.Ne2 a6 20.f4 e5 21.f5 Bg7 22.Qb3+ Rf7
23.fxg6 hxg6 24.Bh3 Qe8 25.Rxf7  1-0

[Event "FIN-chT 9697"]
[Site "FIN"]
[Date "1996.??.??"]
[Round "1.3"]
[White "Puranen, Jukka"]
[Black "Maki Uuro, Miikka"]
[Result "0-1"]
[WhiteElo "2300"]
[BlackElo "2265"]

1.Nf3 d5 2.g3 Nc6 3.Bg2 e5 4.d3 Bg4 5.c4 e4 6.dxe4 dxe4 7.Nfd2 Nf6 8.h3 Bf5
9.O-O Qd4 10.Qb3 O-O-O 11.Na3 Bc5 12.e3 Qe5 13.Nb5 h5 14.Qc3 Qe6 15.Nb3 Be7
16.N3d4 Nxd4 17.exd4 a6 18.d5 Qd7 19.Na7+ Kb8 20.Be3 Bxh3 21.Nc6+ bxc6 22.dxc6 Qxc6
23.Bxh3 Rd3 24.Qe5 Qd6 25.Qa5 Rxe3 26.fxe3 Qxg3+ 27.Bg2 Ng4 28.Rfe1 Rh6 29.Re2 Qh2+
30.Kf1 Rf6+ 31.Ke1 Qg1+ 32.Kd2 Qxa1 33.Qc3 Rd6+  0-1

[Event "FIN-chT 9697 Division-A"]
[Site "FIN"]
[Date "1996.??.??"]
[Round "3.2"]
[White "Kivipelto, Kaj Erik"]
[Black "Hermlin, Aarne"]
[Result "1/2-1/2"]
[WhiteElo "2275"]
[BlackElo "2295"]

1.Nf3 d5 2.g3 Bg4 3.Bg2 Nd7 4.c4 e6 5.b3 Ngf6 6.Bb2 Bd6 7.O-O O-O 8.Nc3 a6
9.d3 Qe7 10.Qc2 Ba3 11.Bxa3 Qxa3 12.cxd5 exd5 13.e4 c6 14.e5 Ne8 15.d4 Nc7
16.Ng5 g6 17.h3 Be6 18.f4 f5 19.exf6 Rxf6 20.Nxe6 Nxe6 21.Ne2 Raf8 22.h4 Ng7
23.g4 Qd6 24.f5 gxf5 25.g5 Re6 26.Nf4 Re3 27.Qf2 Rfe8 28.Rad1 a5 29.Rd3 Rxd3
30.Nxd3 a4 31.bxa4 Qa3 32.Nf4 Qe3 33.Qxe3 Rxe3 34.Rb1 b6 35.Rc1 Nb8 36.Bxd5+ cxd5
37.Nxd5 Re8 38.Nf6+ Kf8 39.Nxe8 Nxe8 40.a5 bxa5 41.Rc5 Nd6 42.Rc7 f4 43.h5 f3
44.d5 Ke8 45.g6 hxg6 46.hxg6 Kf8 47.Ra7 Ne4 48.Ra8 Kg7 49.Rxb8 Kxg6 50.Re8 Nf6
51.Re5 Ng4 52.Re8 Nf6 53.Re3 Nxd5 54.Rxf3 a4 55.Rd3 Nf4 56.Ra3 Kf5 57.Rxa4 Ke5
58.Rc4 Nd5 59.Kf2 Kd6 60.Kf3 Nb6 61.Rc1 Kd5 62.Ke2 Kd4 63.Kd2 Na4 64.Rc8 Nc5
65.Kc2 Kc4 66.Rb8 Na6 67.Rb6 Nc5 68.a3 Nd3 69.a4 Ne1+ 70.Kb1 Nd3 71.a5 Nb4
72.a6 Nc6  1/2-1/2

[Event "FIN-chT 9596"]
[Site "FIN"]
[Date "1996.??.??"]
[Round "4"]
[White "Sepp, Olav"]
[Black "Liiva, Riho"]
[Result "1-0"]
[WhiteElo "2440"]
[BlackElo "2425"]

1.Nf3 d5 2.g3 c6 3.Bg2 Bg4 4.b3 Nd7 5.Bb2 Ngf6 6.O-O e6 7.d3 Bc5 8.Nbd2 O-O
9.h3 Bh5 10.e4 dxe4 11.dxe4 e5 12.Qe1 Re8 13.Nc4 Qc7 14.Nh4 b5 15.Ne3 a5
16.Nhf5 Nb6 17.a3 Nfd7 18.g4 Bg6 19.h4 f6 20.Rd1 Nf8 21.h5 Bf7 22.h6 g6 23.Ng7 Ne6
24.Nxe8 Rxe8 25.Qxa5 Nf4 26.Qd2 Qc8 27.Bf3 Be6 28.Kh2 Bf8 29.g5 fxg5 30.Bxe5 Bxb3
31.Bxf4 gxf4 32.Ng4 Bc4 33.Nf6+ Kh8 34.Nxe8 Qxe8 35.Qd4+ Kg8 36.Qxb6 Qe7
37.Qd8 Qxd8 38.Rxd8 Bxf1 39.e5 Kf7 40.Bxc6 Bxa3 41.Bd5+  1-0

[Event "FIN-ch U20"]
[Site "FIN"]
[Date "1996.??.??"]
[Round "4"]
[White "Salmensuu, Olli"]
[Black "Pihlajasalo, Antti"]
[Result "1/2-1/2"]
[WhiteElo "2280"]
[BlackElo "2190"]

1.Nf3 d5 2.g3 Nc6 3.Bg2 e5 4.d3 Nf6 5.c3 Be7 6.b4 a6 7.O-O O-O 8.a3 Bg4 9.Qc2 Qd7
10.Nbd2 Rfe8 11.Nb3 h6 12.Re1 Rad8 13.Be3 Bh3 14.Rad1 Bxg2 15.Kxg2 Qf5 16.Bc5 b6
17.e4 dxe4 18.dxe4 Qe6 19.Bxe7 Nxe7 20.Nbd2 Ng6 21.h3 Nh5 22.Kh2 Qf6 23.Re3  1/2-1/2

[Event "FIN-chT 9596"]
[Site "FIN"]
[Date "1996.??.??"]
[Round "7"]
[White "Viljava, Tapani"]
[Black "Pulkkinen, Kari"]
[Result "0-1"]
[WhiteElo "2245"]
[BlackElo "2345"]

1.g3 d5 2.Nf3 Nf6 3.Bg2 e6 4.b3 c5 5.c4 Nc6 6.O-O Be7 7.Bb2 O-O 8.e3 b6 9.Nc3 Bb7
10.cxd5 exd5 11.d4 Re8 12.Ne5 Bf8 13.Nxc6 Bxc6 14.Rc1 Rc8 15.Qd3 c4 16.Qc2 Qd7
17.bxc4 dxc4 18.d5 Ba8 19.Ne4 Nxd5 20.Ng5 f5 21.Rfd1 h6 22.Nh3 Qf7 23.Qa4 Red8
24.Rxc4 Nxe3 25.Rxd8 Rxd8 26.fxe3 Bxg2 27.Kxg2 Rd2+ 28.Kf1 Rxb2 29.Rc2 b5  0-1

[Event "FIN-chT 9596"]
[Site "FIN"]
[Date "1996.??.??"]
[Round "11"]
[White "Vooremaa, Andres"]
[Black "Liiva, Riho"]
[Result "1/2-1/2"]
[WhiteElo "2270"]
[BlackElo "2425"]

1.Nf3 d5 2.g3 c6 3.Bg2 Bg4 4.b3 Nd7 5.Bb2 Ngf6 6.O-O e6 7.d3 Bc5 8.Nbd2 O-O
9.h3 Bh5 10.e4 dxe4 11.dxe4  1/2-1/2

[Event "Finkenstein op"]
[Site "Finkenstein"]
[Date "1996.??.??"]
[Round "3"]
[White "Sereinig, Eduard"]
[Black "Lindoerfer, Klaus"]
[Result "0-1"]
[WhiteElo "2065"]
[BlackElo "2080"]

1.Nf3 d5 2.g3 c5 3.Bg2 Nc6 4.O-O e5 5.d3 Nf6 6.Nc3 d4 7.Nb5 Be7 8.a4 O-O
9.Na3 Qc7 10.Nc4 Be6 11.b3 h6 12.e4 a6 13.a5 Nd7 14.Bd2 g5 15.h4 f6 16.Nh2 Kg7
17.Bf3 Nd8 18.Bg4 Qc6 19.f4 Rh8 20.fxg5 hxg5 21.Bf5 Nf7 22.hxg5 fxg5 23.Qf3 Raf8
24.Ng4 Bxf5 25.exf5 Qxf3 26.Rxf3 Rh5 27.Kg2 Rfh8 28.Rg1 Nf6 29.Nxf6 Kxf6
30.Kf2 g4  0-1

[Event "FRA-chT"]
[Site "France"]
[Date "1996.??.??"]
[Round "?"]
[White "Tkachiev, Vladislav"]
[Black "Prie, Eric"]
[Result "1-0"]
[WhiteElo "2620"]
[BlackElo "2480"]

1.Nf3 d5 2.g3 c6 3.Bg2 Bg4 4.b3 Nd7 5.Bb2 Ngf6 6.d3 a5 7.a4 Bxf3 8.Bxf3 e5
9.O-O Bb4 10.e4 dxe4 11.dxe4 O-O 12.Qe2 Re8 13.Nd2 Rb8 14.Rfd1 Qc7 15.h4 b5
16.Nf1 Bf8 17.Bc3 Bb4 18.Bb2 Bf8 19.Ne3 bxa4 20.Rxa4 Nc5 21.Rc4 Nfd7 22.Bc3 Rb5
23.Qe1 Ra8 24.Ra1 Qd8 25.Bg4 Nb6 26.Bxa5 Raxa5 27.Rxa5 Nxc4 28.Nxc4 Nxb3
29.Rxb5 cxb5 30.Nxe5 Qc7 31.Nxf7 Qxc2 32.Ng5 Nd4 33.Qa1 Qa4 34.Qc1 Qc4 35.Qf4 h6
36.Be6+ Qxe6 37.Nxe6 Ne2+ 38.Kf1 Nxf4 39.Nxf4 Kf7 40.Ke2 Bc5 41.Nd3 Bd4 42.h5 Ke6
43.f4 Kd6 44.g4 Kc6 45.Nc1 Bb6 46.Nb3 b4 47.Kd3 Kb5 48.e5 Ka4 49.Kc4 Bd8
50.Nd4 Be7 51.Nc6 Bf8 52.e6  1-0

[Event "FRA-chT"]
[Site "France"]
[Date "1996.??.??"]
[Round "?"]
[White "Conquest, Stuart"]
[Black "Marciano, David"]
[Result "1/2-1/2"]
[WhiteElo "2585"]
[BlackElo "2480"]

1.Nf3 d5 2.g3 Bg4 3.Bg2 Nd7 4.d3 Ngf6 5.Nbd2 e5 6.h3 Bh5 7.g4 Bg6 8.Nh4 c6
9.c4 Bc5 10.Nxg6 hxg6 11.e3 dxc4 12.dxc4 O-O 13.h4 Bb4 14.g5 Ne8 15.a3 Be7
16.Ne4 f5 17.gxf6 Nexf6 18.b4 Nxe4 19.Bxe4 Bxh4 20.Qg4 g5 21.Qe6+ Kh8 22.Qg6 Kg8
23.Qe6+ Kh8 24.Qg6 Kg8 25.Qe6+  1/2-1/2

[Event "FRA-chT"]
[Site "France"]
[Date "1996.??.??"]
[Round "?"]
[White "Moingt, Jean Claude"]
[Black "Parmentier, Xavier"]
[Result "1-0"]
[WhiteElo "2305"]
[BlackElo "2265"]

1.Nf3 d5 2.g3 c6 3.Bg2 Bg4 4.O-O Nd7 5.d4 Ngf6 6.Nbd2 e6 7.b3 Bd6 8.Bb2 O-O
9.Ne5 Bh5 10.c4 Qe7 11.Re1 Ba3 12.Qc1 Bxb2 13.Qxb2 Rfd8 14.Nd3 a5 15.a3 Bg6
16.Nf4 e5 17.Nxg6 hxg6 18.cxd5 Nxd5 19.e3 Re8 20.Red1 exd4 21.Qxd4 N5f6 22.Nc4 Nc5
23.Qb2 a4 24.b4 Nb3 25.Rab1 b5 26.Nd2 Nxd2 27.Rxd2 Rac8 28.Rc1 c5 29.bxc5 Rxc5
30.Rxc5 Qxc5 31.Rc2 Qf5 32.h3 Rd8 33.Rc1 Rd3 34.g4 Qe6 35.Qxb5 Rxa3 36.Qb8+ Kh7
37.Rc8 Ra1+ 38.Kh2 g5 39.Rh8+ Kg6 40.Qb2 Qd6+ 41.f4 Rd1 42.Qc2+  1-0

[Event "FRA-chT"]
[Site "France"]
[Date "1996.??.??"]
[Round "?"]
[White "Moingt, Jean Claude"]
[Black "Rausis, Igors"]
[Result "1-0"]
[WhiteElo "2305"]
[BlackElo "2495"]

1.Nf3 d5 2.g3 Bg4 3.Bg2 Nd7 4.d3 c6 5.O-O e6 6.Nbd2 Bc5 7.h3 Bh5 8.Qe1 Ne7
9.e4 b5 10.a4 a6 11.Nb3 Bb6 12.axb5 axb5 13.Rxa8 Qxa8 14.Qb4 Qa4 15.Qd6 Bxf3
16.Bg5 Nc8 17.Qxc6 O-O 18.Qxd7 Bxg2 19.Ra1 Qb4 20.Kxg2 dxe4 21.Bd2 Qd6 22.Qxd6 Nxd6
23.Bb4 Rd8 24.Bxd6 Rxd6 25.Ra8+ Rd8 26.Rxd8+ Bxd8 27.dxe4 Bf6 28.c3 Kf8 29.Kf3 Ke8
30.Ke3 b4 31.cxb4  1-0

[Event "Chess Classics op"]
[Site "Frankfurt"]
[Date "1996.??.??"]
[Round "?"]
[White "Lobron, Eric"]
[Black "Lutz, Christopher"]
[Result "1/2-1/2"]
[WhiteElo "2590"]
[BlackElo "2595"]

1.Nf3 d5 2.g3 c6 3.Bg2 Bg4 4.b3 Nd7 5.Bb2 Ngf6 6.O-O e6 7.c4 Bd6 8.Na3 O-O
9.d3 Qe7 10.Nc2 Bxf3 11.exf3 dxc4 12.bxc4 e5 13.Re1 Qd8 14.Rb1 Qc7 15.d4 exd4
16.Nxd4 Rfe8 17.Qc2 Bf8 18.f4 Rxe1+ 19.Rxe1 Re8 20.Rd1 Nc5 21.Nf5 Nfd7 22.Bf3 f6
23.h4 Nb6 24.h5 Rd8 25.h6 Rxd1+ 26.Bxd1 g6 27.Ne3 Bxh6 28.Ng4 Bg7 29.Nxf6+ Bxf6
30.Bxf6 Qd6 31.Ba1 Qd3 32.Qc1 Nxc4 33.Bg4 Kf7 34.Bh3 Nd2 35.Qb2 Qb1+ 36.Qxb1 Nxb1
37.Bd4 b6 38.Bg2 Ne6 39.Be5 c5 40.Bb8 c4 41.Bxa7 c3 42.Bxb6 c2 43.Be3 Nc3
44.a4 Nxa4 45.Be4 Nd4 46.Kg2 Nc3 47.Bd3 Nce2 48.Bxc2 Nxc2 49.Ba7 Nc3 50.Kf3 h5
51.Bc5 Ke6 52.Kg2 Kf5 53.Ba7 Ne1+ 54.Kf1 Nf3 55.Kg2 Kg4 56.Be3 Nd5 57.Bc1 Ne7
58.Be3 Nf5 59.Ba7 h4 60.Kf1 N3d4  1/2-1/2

[Event "GER-chT Seniors"]
[Site "Freudenstadt"]
[Date "1996.??.??"]
[Round "5"]
[White "Liebert, Heinz"]
[Black "Igney, Volkhard"]
[Result "1-0"]
[WhiteElo "2370"]
[BlackElo "2275"]

1.Nf3 d5 2.g3 Nf6 3.Bg2 e6 4.O-O Be7 5.d4 O-O 6.c4 c6 7.Nbd2 Nbd7 8.Qc2 b6
9.b3 Bb7 10.Bb2 c5 11.Rfd1 dxc4 12.Nxc4 Qc7 13.Rac1 Rac8 14.dxc5 Bxc5 15.e3 Be4
16.Qe2 Bd5 17.Nfe5 Bxg2 18.Nxd7 Nxd7 19.Qg4 g6 20.Kxg2 Qb7+ 21.Kg1 Be7 22.Qd4 Bf6
23.Qxd7 Qxd7 24.Rxd7 Bxb2 25.Rcd1 Bc3 26.R1d3 Bb4 27.Rxa7 b5 28.Ne5 Bc3 29.Nf3 b4
30.Rdd7 Rcd8 31.Rdb7 Rb8 32.Rxb8 Rxb8 33.Ng5 Rf8 34.Ne4 Bb2 35.Kf1 Rc8 36.Nd6 Rc1+
37.Kg2 Rc2 38.Nxf7 Ba3 39.Nd6 Rxa2 40.Nc4 Ra1 41.h4 Bb2 42.Rxa1 Bxa1 43.Na5 h5
44.Nc6 Bc3 45.Nd8 e5 46.Kf3 Kg7 47.Ne6+ Kf6 48.Nc5 Kf5 49.e4+ Kf6 50.Ke2 Bd4
51.Na6 Bc3 52.Nc7 Bd4 53.Nd5+ Ke6 54.Nxb4 Bb6 55.Nd3 Kd6 56.f4 exf4 57.Nxf4 Ke5
58.Kf3  1-0

[Event "Frydek-Mistek op"]
[Site "Frydek-Mistek"]
[Date "1996.??.??"]
[Round "6"]
[White "Ianov, Viktor"]
[Black "Matlak, Marek"]
[Result "1/2-1/2"]
[WhiteElo "2415"]
[BlackElo "2450"]

1.Nf3 d5 2.g3 Nf6 3.Bg2 Bf5 4.c4 e6 5.Qb3 Na6 6.d3 Nc5 7.Qc2 a5 8.O-O c6
9.Be3 Ncd7 10.cxd5 exd5 11.Qb3 Qb8 12.Bf4 a4 13.Qc2 Bd6 14.Bxd6 Qxd6 15.Nc3 Qc5
16.Rac1 O-O 17.Qd2 Qb4 18.a3 Qd6 19.Nd4 Bg6 20.Qc2 Qc5 21.Nf3 Qa7 22.Bh3 Rfe8
23.Nh4 Nf8 24.Nxg6 hxg6 25.e4 dxe4 26.dxe4 Ne6 27.Bxe6 Rxe6 28.Rcd1 Qc5 29.Rfe1 b5
30.Qe2 Rae8 31.Qf3  1/2-1/2

[Event "Geneve op"]
[Site "Geneve"]
[Date "1996.??.??"]
[Round "4"]
[White "Markowski, Tomasz"]
[Black "Barle, Janez"]
[Result "0-1"]
[WhiteElo "2535"]
[BlackElo "2430"]

1.g3 d5 2.Nf3 Nf6 3.Bg2 c6 4.O-O Bf5 5.b3 e6 6.Bb2 Be7 7.d3 O-O 8.Nbd2 h6
9.c4 Nbd7 10.a3 a5 11.Rc1 Bh7 12.Rc2 Re8 13.Qa1 Bf8 14.Rcc1 Qb6 15.Bh3 Rad8
16.Bc3 c5 17.cxd5 exd5 18.Rfe1 Qa6 19.b4 b6 20.bxc5 bxc5 21.Nb3 d4 22.Bd2 a4
23.Na5 Rb8 24.Qa2 Rb5 25.Nc4 Rb3 26.Bf1 Reb8 27.Bg2 Bf5 28.Bf4 Re8 29.Nfe5 Nxe5
30.Bxe5 Nd7 31.Bf4 Be6 32.Qa1 g5 33.Bd2 Reb8 34.Rc2 Nb6 35.Na5 Rb5 36.Nc6 Rc8
37.Qc1 Bb3 38.Rb2 Nd7 39.Bxg5 Rxc6 40.Bxc6 Qxc6 41.Bf4 Bg7 42.Rb1 Nf8 43.Qd2 Ng6
44.e4 dxe3 45.Qxe3 Kh7 46.Rbc1 Qd7 47.Rxc5 Bd4 48.Rc7 Qxc7 49.Bxc7 Bxe3 50.Rxe3 Rc5
51.Bd6 Rd5 52.Bb4 Bc2  0-1

[Event "Geneve op"]
[Site "Geneve"]
[Date "1996.??.??"]
[Round "7"]
[White "Cvitan, Ognjen"]
[Black "Pavasovic, Dusko"]
[Result "1-0"]
[WhiteElo "2540"]
[BlackElo "2425"]

1.Nf3 d5 2.g3 Bg4 3.Bg2 Nd7 4.O-O c6 5.d3 e6 6.h3 Bh5 7.c4 Bd6 8.cxd5 cxd5
9.Nc3 Ngf6 10.e4 Bxf3 11.Bxf3 dxe4 12.dxe4 Be5 13.Qb3 Nc5 14.Qb5+ Nfd7 15.Be3 Qb6
16.Qc4 Qxb2 17.Na4 b5 18.Qxc5 bxa4 19.Qc6 Rd8 20.Rad1 Qc3 21.Qxa4 Bxg3 22.Rxd7 Rxd7
23.Rc1 Qf6 24.Rc8+ Ke7 25.Bc5+ Bd6 26.Bxd6+ Kxd6 27.Qb4+ Ke5 28.Qb8+ Rd6
29.Rc5+  1-0

[Event "Geneve op"]
[Site "Geneve"]
[Date "1996.??.??"]
[Round "8"]
[White "Cvitan, Ognjen"]
[Black "Godena, Michele"]
[Result "1/2-1/2"]
[WhiteElo "2540"]
[BlackElo "2485"]

1.Nf3 d5 2.g3 Nf6 3.Bg2 e6 4.O-O Be7 5.c4 O-O 6.d4 c6 7.Qc2 b6 8.b3 Nbd7
9.Rd1 Ba6 10.Nbd2 Rc8 11.e4 c5 12.exd5 exd5 13.Bb2 dxc4 14.d5 cxb3 15.axb3 Be2
16.Re1 Bb5 17.Nh4 Re8 18.Rxa7 Bd6 19.Raa1 Ne5 20.Nc4 Nxc4 21.bxc4 Bd7 22.Nf3 h6
23.h3 Qc7 24.Qc3 Rxe1+ 25.Rxe1 Re8 26.Rxe8+ Nxe8 27.Qe3 Bf8 28.Ne5 Nd6 29.Qf4 Be8
30.Nc6 b5 31.cxb5 Nxb5 32.Qe3 Qd7 33.h4 Nc7 34.Qb3 f6 35.Qb7 Bf7 36.Kh2 Qd6
37.Na5 Nxd5 38.Ba3 Nb4 39.Qa8 Qa6 40.Qd8 Qd3 41.Nc6 Qxd8 42.Nxd8 Bb3 43.Bh3 Be7
44.Ne6 Kf7 45.Nf4 g5 46.hxg5 hxg5 47.Ne2 Nd3 48.Kg1 Be6 49.Bg2 c4 50.Bxe7 Kxe7
51.Kf1 Kd6 52.Nc3 Kc5 53.Ke2 Kb4 54.Nd1 Kb3 55.Kd2 Bg4 56.Ne3 Be6 57.Nd1 Nc5
58.Nc3 Kb2 59.Nd1+ Kb3 60.Nc3 Kb4 61.Be4 f5 62.Bg2 Bd7 63.Bd5 Na4 64.Nxa4 Bxa4
65.f4 gxf4 66.gxf4 c3+ 67.Kc1 Bb3 68.Bb7 Be6 69.Bg2 Kb3 70.Bh3 c2 71.Bg2 Bc4
72.Bc6 Bd3 73.Bd7 Kc4 74.Kd2 Be4 75.Be6+ Kb4 76.Bd7 Bd3 77.Bc6 Kc4 78.Bb7 Kd4
79.Bc8 Be4 80.Bd7 Kc4  1/2-1/2

[Event "Oberliga Sued W9697"]
[Site "GER"]
[Date "1996.??.??"]
[Round "?"]
[White "Pioch, Thomas"]
[Black "Bruch, Ingo"]
[Result "0-1"]
[WhiteElo "2245"]
[BlackElo "2305"]

1.Nf3 d5 2.g3 Nf6 3.Bg2 Nc6 4.d4 Bf5 5.c3 e6 6.Nbd2 h6 7.O-O Be7 8.Re1 O-O
9.a4 a5 10.h3 Bh7 11.Nh2 e5 12.dxe5 Nxe5 13.Nhf3 Nxf3+ 14.Bxf3 Bc5 15.Nb3 Bb6
16.e3 Ne4 17.Bg2 c6 18.Nd4 Re8 19.Rf1 Qd7 20.Bd2 Bc7 21.b4 Nd6 22.Nb3 Nc4
23.Nc5 Qc8 24.Ra2 Bd6 25.Re1 Bxc5 26.bxc5 Be4 27.f3 Bg6 28.f4 Be4 29.Bf1 Qe6
30.Bc1 Rad8 31.Qd4 Qe7 32.Rf2 b6 33.cxb6 c5 34.Qd1 Nxb6 35.Bb5 Rf8 36.Kh2 Nc4
37.Qb3 Rb8 38.Ba3 Rfc8 39.Qa2 Rxb5 40.axb5 Rb8 41.Bc1 Rxb5 42.Qa4 Qb7 43.g4 Qb8
44.Kg3 Rb1 45.Ref1 Qb5 46.Qxb5 Rxb5 47.Ra2 Rb3 48.Kf2 Rxc3 49.Bd2 Nxd2 50.Rxd2 Ra3
51.Rfd1 c4 52.Rxd5 Bxd5 53.Rxd5 a4 54.Rc5 c3 55.Ke2 Rb3 56.Kd3 c2+ 57.Kxc2 Rxe3
58.Rc8+ Kh7 59.Rc3 Rxc3+ 60.Kxc3 Kg6 61.Kb4 f5 62.Kxa4 fxg4 63.hxg4 h5 64.gxh5+ Kxh5
65.Kb4 Kg4  0-1

[Event "Oberliga Sued W9697"]
[Site "GER"]
[Date "1996.??.??"]
[Round "?"]
[White "Bruch, Jochen"]
[Black "Bruehl, Andreas"]
[Result "1-0"]
[WhiteElo "2310"]
[BlackElo "2135"]

1.Nf3 d5 2.g3 Nf6 3.Bg2 c5 4.O-O Nc6 5.d3 e6 6.Nbd2 Be7 7.e4 O-O 8.Re1 b5
9.e5 Nd7 10.Nf1 a5 11.h4 b4 12.N1h2 a4 13.Ng4 a3 14.b3 Ba6 15.Bg5 Rc8 16.Bxe7 Qxe7
17.h5 Na7 18.h6 g6 19.Qd2 Nb5 20.Qf4 Nc3 21.Ng5 Rfd8 22.Kh2 Re8 23.Bh3 Rc6
24.Re3 Bc8 25.Bg2 Ba6 26.Nh3 Rcc8 27.Ree1 Red8 28.Ng5 Re8 29.Bh3 Rc6 30.Nf6+ Nxf6
31.exf6 Qd7 32.Rxe6 Rcxe6 33.Re1 Rxe1 34.Bxd7 Nxa2 35.Bxe8 Rxe8 36.Qc7 Rf8
37.Ne6 Rc8 38.Qd7  1-0